তুলনামূলক রাজনীতি : রাজতিক বিশ্লেষন / (Record no. 99942)
[ view plain ]
| 000 -LEADER | |
|---|---|
| fixed length control field | 00621nam a22001697a 4500 |
| 003 - CONTROL NUMBER IDENTIFIER | |
| control field | BD-DhUL |
| 005 - DATE AND TIME OF LATEST TRANSACTION | |
| control field | 20160821154854.0 |
| 008 - FIXED-LENGTH DATA ELEMENTS--GENERAL INFORMATION | |
| fixed length control field | 160821b xxu||||| |||| 00| 0 eng d |
| 040 ## - CATALOGING SOURCE | |
| Transcribing agency | BD-DhUL |
| 082 ## - DEWEY DECIMAL CLASSIFICATION NUMBER | |
| Classification number | 320.1 |
| Item number | EMT |
| 100 ## - MAIN ENTRY--PERSONAL NAME | |
| Personal name | আহমদ, এমাজউদ্দিন |
| 245 ## - TITLE STATEMENT | |
| Title | তুলনামূলক রাজনীতি : রাজতিক বিশ্লেষন / |
| Statement of responsibility, etc. | আহমদ, এমাজউদ্দিন |
| 260 ## - PUBLICATION, DISTRIBUTION, ETC. (IMPRINT) | |
| Place of publication, distribution, etc. | ঢাকা : |
| Name of publisher, distributor, etc. | গোল্ডেন, |
| Date of publication, distribution, etc. | ১৯৮১. |
| 300 ## - PHYSICAL DESCRIPTION | |
| Extent | ২৩৬ পৃ. ; |
| Dimensions | 22 সেমি. |
| 650 #0 - SUBJECT ADDED ENTRY--TOPICAL TERM | |
| Topical term or geographic name as entry element | ইতিহাস |
| Form subdivision | History |
| 942 ## - ADDED ENTRY ELEMENTS (KOHA) | |
| Source of classification or shelving scheme | |
| Koha item type | Books |
No items available.
